000 00498nam a2200145 a 4500
001 000034672
005 20200930073830.0
008 111017s1899 dr 000 0 spa d
040 _aDO-SdBNP
_bspa
_cBNPHU
082 _axxx
_bR426c
110 1 _aRepública Dominicana
_bInstituto Profesional de Santo Domingo
_960106
245 1 0 _aColección de tesis de la Facultad de Derecho. / :
_bInstituto Profesional de Santo Domingo.
260 _aSanto Domingo, :
_bGarcía Hermanos,
_c1899.
300 _c21 cm.
999 _c34163
_d34163